00438nam a2200157Ia 4500008004100000020001800041082001800059100003500077245002700112250000900139260005000148300002300198500001900221600002000240650002000260240925s9999 xx 000 0 und d a9789352861880 a395.52098 DAN aDaniels, John ; Radebaugh, Lee 0aInternational Business a16th aUttar Pradesh:bPearson Education Incc,2018. a229p.b0fOriginal aIncludes Index aSocial Sciences aSocial Sciences